| 000 | 00495nam a2200181Ia 4500 | ||
|---|---|---|---|
| 999 |
_c29659 _d29659 |
||
| 003 | OSt | ||
| 005 | 20201228155927.0 | ||
| 008 | 190216s9999||||xx |||||||||||||| ||und|| | ||
| 020 | _a9798187474882 | ||
| 040 | _coclc | ||
| 082 |
_a700 _bNOU/C |
||
| 100 |
_aNoushad _97935 |
||
| 245 | 0 |
_aCinema Sangeetham Jeevitham / _cNoushad |
|
| 260 |
_bOlive Publications, _c2010. _aKozhikode: |
||
| 300 | _a186p | ||
| 650 | _aOormakurip | ||
| 942 |
_cBK _2ddc _h700 _iNOU/C _k700 _mNOU/C |
||